| 000 -CABECERA |
| Longitud fija campo de control |
00504nam a22001697a 4500 |
| 003 - IDENTIFICADOR DEL NÚMERO DE CONTROL |
| Identificador del número de control |
OSt |
| 005 - FECHA Y HORA DE LA ÚLTIMA TRANSACCIÓN |
| Fecha y hora de la última transacción |
20211213111705.0 |
| 008 - CÓDIGOS DE INFORMACIÓN DE LONGITUD FIJA |
| Códigos de información de longitud fija |
140227s1998 sp ||||| |||| 00| 0 spa d |
| 016 ## - NÚMERO DE CONTROL DE UNA AGENCIA BIBLIOGRÁFICA NACIONAL |
| Número de control del registro |
DL M 38256-1998 |
| 020 ## - NÚMERO INTERNACIONAL NORMALIZADO PARA LIBROS |
| Número Internacional Normalizado para Libros (ISBN) |
8403594984 |
| 040 ## - FUENTE DE LA CATALOGACIÓN |
| Lengua de catalogación |
cat |
| Centro transcriptor |
CPC Lleida |
| 100 ## - PUNTO DE ACCESO PRINCIPAL-NOMBRE DE PERSONA |
| 9 (RLIN) |
4546 |
| Nombre de persona |
Morena, José Ramón de la |
| 245 10 - MENCIÓN DE TÍTULO |
| Título |
Aquí unos amigos |
| Mención de responsabilidad, etc. |
/ José Ramón de la Morena ; prólogo de Fernando Lázaro Carreter |
| 260 ## - PUBLICACIÓN, DISTRIBUCIÓN, ETC. (PIE DE IMPRENTA) |
| Lugar de publicación, distribución, etc. |
Madrid: |
| Nombre del editor, distribuidor, etc. |
El País Aguilar, |
| Fecha de publicación, distribución, etc. |
DL 1998 |
| 300 ## - DESCRIPCIÓN FÍSICA |
| Extensión |
258 p. |
| Dimensiones |
; 24 cm. |
| 942 ## - ENTRADA DE ELEMENTOS AGREGADOS (KOHA) |
| Koha [por defecto] tipo de item |
Monografies |
| Fuente de clasificaión o esquema |
|